000
00282nam a2200133Ia 4500
100
_a
Gupta/S.P.
250
_a
12
942
_c
BK
654
_a
statistical
245
_a
Statistical methods
260
_b
Sultan chand and sons
_a
New Delhi
_c
1979
546
_a
ENGLISH
999
_c
31882
_d
31882